[Event "C.to Europeo U18 femminile"]
[Site "Peniscola ESP"]
[Date "2002.10.05"]
[Round "6"]
[White "Gutierrez Castillo, Paloma"]
[Black "Costantini, Laura"]
[Result "1/2-1/2"]
[WhiteElo "2088"]
[BlackElo "2047"]
[PlyCount "110"]
[EventDate "2002.09.29"]

1. e4 c5 2. Nf3 d6 3. d4 cxd4 4. Nxd4 Nf6 5. Nc3 a6 6. Be2 e5 7. Nb3 Be6 8. Be3
Nbd7 9. O-O Rc8 10. f4 Rxc3 11. bxc3 Nxe4 12. Qd3 f5 13. c4 Qc7 14. Kh1 Be7 15.
Nd2 Ndc5 16. Bxc5 Nxc5 17. Qg3 Bf6 18. Rab1 e4 19. Qe3 Na4 20. Rb3 O-O 21. Rfb1
Nc5 22. Rb4 Qa5 23. a3 Rc8 24. g4 g6 25. gxf5 gxf5 26. Qh3 Bd4 27. c3 Qxa3 28.
Rxb7 Nxb7 29. Rxb7 Bg7 30. Nxe4 Qc1+ 31. Kg2 Qxf4 32. Ng3 Qg5 33. Kh1 Kh8 34.
Nh5 Rg8 35. Ng3 Bc8 36. Rc7 h6 37. Bd3 Qc1+ 38. Nf1 Qg5 39. Ng3 Re8 40. Qf1 Be5
41. Bxf5 Bxg3 42. Rxc8 Rxc8 43. Bxc8 Bf4 44. Bxa6 Qe5 45. Qf2 Qe4+ 46. Qg2 Qb1+
47. Qg1 Qe4+ 48. Qg2 Qb1+ 49. Qg1 Qe4+ 50. Qg2 Qe1+ 51. Qg1 Qxc3 52. Bb5 Be3
53. Qf1 Qg7 54. Bc6 Bd4 55. Bd5 Qf6 1/2-1/2

[Event "C.to Europeo U18 femminile"]
[Site "Peniscola ESP"]
[Date "2002.10.06"]
[Round "7"]
[White "Costantini, Laura"]
[Black "Harbuz, Daniela"]
[Result "1/2-1/2"]
[WhiteElo "2047"]
[BlackElo "2077"]
[PlyCount "131"]
[EventDate "2002.09.29"]

1. e4 g6 2. d4 Bg7 3. Nc3 c6 4. Be3 Qb6 5. Rb1 d6 6. Nge2 Nf6 7. f3 Nbd7 8. Qd2
Qc7 9. g3 O-O 10. Bg2 e5 11. O-O Re8 12. Rbd1 Nb6 13. b3 Nbd7 14. dxe5 dxe5 15.
Qd6 Qxd6 16. Rxd6 Bf8 17. Rd2 b6 18. Rfd1 Nc5 19. Bg5 Kg7 20. a4 Ne6 21. Be3
Bb4 22. Rc1 Ba6 23. Rdd1 Rad8 24. Bf1 Nd7 25. Na2 Be7 26. Rd2 Ng5 27. Kg2 f5
28. exf5 gxf5 29. Rcd1 Bc8 30. f4 Ne4 31. Rd3 Bc5 32. Bxc5 Nexc5 33. Rd6 Ne6
34. Nb4 Kf8 35. Kg1 Nb8 36. fxe5 c5 37. Rxd8 Nxd8 38. Nd3 Nf7 39. Nef4 Nc6 40.
Bg2 Ncxe5 41. Rf1 Ng4 42. Bh3 Ne3 43. Rf2 Ng5 44. Bg2 Nxg2 45. Kxg2 Bb7+ 46.
Kf1 Ne4 47. Re2 Ba6 48. c4 Bb7 49. Nf2 Ng5 50. Rxe8+ Kxe8 51. N4d3 Nf3 52. h4
Nd2+ 53. Ke2 Nxb3 54. Ke3 Ke7 55. Nh3 Bc6 56. Nb2 Nd4 57. Nf2 Ke6 58. Nfd3 Be4
59. a5 Nc2+ 60. Kd2 Bxd3 61. Nxd3 Nd4 62. axb6 axb6 63. Nb2 Nf3+ 64. Ke3 Ne5
65. Kf4 h5 66. Ke3 1/2-1/2

[Event "C.to Europeo U18 femminile"]
[Site "Peniscola ESP"]
[Date "2002.10.07"]
[Round "8"]
[White "Vega Gutierrez, Belinda"]
[Black "Costantini, Laura"]
[Result "1-0"]
[WhiteElo "2012"]
[BlackElo "2047"]
[PlyCount "60"]
[EventDate "2002.09.29"]

1. e4 e5 2. Nf3 d6 3. d4 exd4 4. Nxd4 g6 5. Nc3 Bg7 6. Be3 Nf6 7. Be2 O-O 8.
O-O Re8 9. f3 Nbd7 10. Qd2 Ne5 11. h3 Qe7 12. Rfe1 Bd7 13. f4 Nc6 14. Ndb5 Be6
15. Bf3 a6 16. Nd5 Bxd5 17. exd5 Nxd5 18. Bb6 Qd7 19. Bg4 Rxe1+ 20. Rxe1 Qd8
21. Qxd5 axb5 22. Be3 b4 23. Bd2 Bxb2 24. Qb3 Qf6 25. Rb1 Bd4+ 26. Kh1 Bc5 27.
Qc4 Ra7 28. c3 bxc3 29. Bxc3 Bd4 30. Bd2 h5 1-0

[Event "C.to Europeo U18"]
[Site "Peniscola ESP"]
[Date "2002.09.30"]
[Round "2"]
[White "Llobel Cortell, Enrique"]
[Black "Shytaj, Carlo"]
[Result "1/2-1/2"]
[WhiteElo "2377"]
[BlackElo "2112"]
[PlyCount "63"]
[EventDate "2002.09.29"]

1. e4 d6 2. Nc3 Nf6 3. f4 g6 4. Nf3 Bg7 5. d4 O-O 6. Bd3 Nc6 7. O-O e5 8. d5
Nd4 9. fxe5 dxe5 10. Nxe5 Nxe4 11. Bxe4 Bxe5 12. Bf4 Bxf4 13. Rxf4 Nf5 14. Bxf5
Bxf5 15. Qd4 Bxc2 16. Rc1 Bf5 17. Nb5 c6 18. dxc6 bxc6 19. Rxc6 Qd7 20. Rc5
Rfd8 21. Qxd7 Rxd7 22. Nd4 Bb1 23. a3 Rad8 24. Rc1 Be4 25. Nf3 Bxf3 26. Rxf3
Rd2 27. Rf2 Rxf2 28. Kxf2 Rd2+ 29. Kg1 Rxb2 30. Rc7 Rb1+ 31. Kf2 Rb2+ 32. Kg1
1/2-1/2

[Event "C.to Europeo U18"]
[Site "Peniscola ESP"]
[Date "2002.10.06"]
[Round "7"]
[White "Porat, Shay"]
[Black "Buchicchio, Giampaolo"]
[Result "1-0"]
[WhiteElo "2369"]
[BlackElo "2188"]
[PlyCount "63"]
[EventDate "2002.09.29"]

1. d4 d5 2. c4 c6 3. Nf3 Nf6 4. e3 a6 5. Bd3 dxc4 6. Bxc4 b5 7. Bd3 c5 8. dxc5
Nc6 9. a3 e5 10. Qc2 Qe7 11. Nbd2 Qxc5 12. Qxc5 Bxc5 13. Ne4 Be7 14. Nxf6+ Bxf6
15. Be4 Bb7 16. g4 g6 17. Bd2 O-O 18. Bc3 Bg7 19. h4 Rfe8 20. O-O-O Na5 21. Ng5
Rac8 22. Kb1 Bxe4+ 23. Nxe4 Nc4 24. Rd7 Red8 25. Rhd1 Rxd7 26. Rxd7 Bf8 27. Ra7
Rc6 28. g5 Bd6 29. Ra8+ Kg7 30. Nf6 Bf8 31. Bb4 Nd6 32. Bxd6 1-0

[Event "C.to Europeo U16"]
[Site "Peniscola ESP"]
[Date "2002.09.30"]
[Round "2"]
[White "Kharitonov, Alexandr"]
[Black "Shytaj, Luca"]
[Result "1-0"]
[WhiteElo "2439"]
[BlackElo "2216"]
[PlyCount "24"]
[EventDate "2002.09.29"]

1. d4 Nf6 2. c4 e6 3. Nc3 Bb4 4. e3 c5 5. Bd3 Nc6 6. Nf3 d5 7. O-O O-O 8. a3
Re8 9. cxd5 cxd4 10. Be4 Qc7 11. Qc2 Qf4 12. g3 12... e5 {...} 1-0

[Event "C.to Europeo U16"]
[Site "Peniscola ESP"]
[Date "2002.10.01"]
[Round "3"]
[White "Shytaj, Luca"]
[Black "Guerrero Arroyo, Pedro"]
[Result "1-0"]
[WhiteElo "2216"]
[BlackElo "2076"]
[PlyCount "56"]
[EventDate "2002.09.29"]

1. e4 c5 2. Nf3 e6 3. d4 cxd4 4. Nxd4 Nf6 5. Nc3 Nc6 6. Be3 Bb4 7. Bd3 d5 8.
Nxc6 bxc6 9. e5 Nd7 10. Qg4 Bf8 11. f4 g6 12. O-O Bg7 13. Ne2 O-O 14. Nd4 Qc7
15. h4 Nc5 16. h5 Nxd3 17. cxd3 Ba6 18. hxg6 hxg6 19. Rad1 Rfb8 20. Nb3 Bf8 21.
Rf3 Kg7 22. f5 exf5 23. Qh4 Rb4 24. Qh2 Re8 25. Bh6+ Kg8 26. Bxf8 Kxf8 27. Qh8+
Ke7 28. Qf6+ Kf8 1-0

[Event "C.to Europeo U16"]
[Site "Peniscola ESP"]
[Date "2002.10.03"]
[Round "5"]
[White "Meinhardt, Maximilian"]
[Black "Shytaj, Luca"]
[Result "1/2-1/2"]
[WhiteElo "2194"]
[BlackElo "2216"]
[PlyCount "137"]
[EventDate "2002.09.29"]

1. e4 c5 2. Nc3 d6 3. g3 g6 4. Bg2 Bg7 5. d3 Nc6 6. f4 e6 7. Nf3 Nge7 8. O-O
O-O 9. Be3 Nd4 10. e5 dxe5 11. fxe5 Nef5 12. Bf4 Nxf3+ 13. Bxf3 g5 14. Bc1 Bxe5
15. Ne4 f6 16. c3 Qc7 17. Qe2 Bd7 18. Bd2 Rad8 19. Rae1 h6 20. Bg2 b6 21. Rd1
Bb5 22. Be1 Ng7 23. c4 Be8 24. Bc3 Bxc3 25. bxc3 f5 26. Nd2 Bh5 27. Bf3 Bg6 28.
Nb3 e5 29. Bd5+ Kh7 30. d4 e4 31. g4 Rde8 32. gxf5 Bxf5 33. Qe3 Nh5 34. dxc5
Nf4 35. cxb6 axb6 36. Nd4 Bg6 37. Nb5 Qc5 38. Qxc5 bxc5 39. Bc6 Re7 40. Rfe1 e3
41. Rd7 Rfe8 42. Rxe7+ Rxe7 43. Bf3 h5 44. a4 g4 45. Be2 Be4 46. Bxg4 hxg4 47.
Rxe3 Nh3+ 48. Kf1 Bg2+ 49. Ke2 Bf1+ 50. Kd2 Rd7+ 51. Kc2 Bxc4 52. Re5 Bd3+ 53.
Kb3 c4+ 54. Kb4 Ng1 55. Rg5 Rg7 56. Rxg7+ Kxg7 57. a5 Nf3 58. Nd6 Ne5 59. a6
Be2 60. Kb5 Bf3 61. Kb6 Kf6 62. Nb7 Nc6 63. Nd6 Bd5 64. Kc5 Ke6 65. Nxc4 Bf3
66. Kb6 Kd5 67. Ne3+ Kd6 68. Nxg4 Bxg4 69. a7 1/2-1/2

[Event "C.to Europeo U16"]
[Site "Peniscola ESP"]
[Date "2002.10.05"]
[Round "6"]
[White "Shytaj, Luca"]
[Black "Rees, Ioan"]
[Result "1-0"]
[WhiteElo "2216"]
[BlackElo "2079"]
[PlyCount "79"]
[EventDate "2002.09.29"]

1. e4 c5 2. Nf3 d6 3. d4 Nf6 4. Nc3 cxd4 5. Nxd4 a6 6. Bg5 e6 7. Qd2 Be7 8. f3
Nc6 9. O-O-O Bd7 10. g4 Qa5 11. h4 O-O-O 12. Be3 b5 13. Nb3 Qc7 14. Qf2 Kb7 15.
g5 Ne8 16. f4 Na5 17. Nxa5+ Qxa5 18. Kb1 Bc6 19. Bg2 f6 20. Ne2 e5 21. Ng3 Nc7
22. Nf5 Bf8 23. fxe5 fxe5 24. Bd2 Qa4 25. Qe1 Qc4 26. Ne3 Qe6 27. Ba5 Qe8 28.
c4 Rb8 29. Bxc7 Kxc7 30. Nd5+ Bxd5 31. cxd5 Kb7 32. Bh3 Be7 33. Rc1 h6 34. Rc6
Qd8 35. Qc3 Ka7 36. Rc1 hxg5 37. Rc7+ Kb6 38. Qe3+ Ka5 39. Qa3+ Kb6 40. R1c6#
1-0

[Event "C.to Europeo U16"]
[Site "Peniscola ESP"]
[Date "2002.10.07"]
[Round "8"]
[White "Shytaj, Luca"]
[Black "Polivanov, Anatoliy"]
[Result "1-0"]
[WhiteElo "2216"]
[BlackElo "2349"]
[PlyCount "106"]
[EventDate "2002.09.29"]

1. e4 g6 2. d4 Bg7 3. Nc3 d6 4. Be3 a6 5. Qd2 b5 6. Bd3 Nd7 7. a4 b4 8. Nd1 c5
9. Ne2 Ngf6 10. f3 O-O 11. c3 a5 12. Bh6 cxd4 13. cxd4 e5 14. Bxg7 Kxg7 15. Bb5
Ba6 16. Bxa6 Rxa6 17. Ne3 exd4 18. Qxd4 Re8 19. O-O Kg8 20. Nf4 Nc5 21. Nfd5
Nxd5 22. Nxd5 Re6 23. Rae1 Nxa4 24. f4 Nb6 25. f5 gxf5 26. exf5 Re5 27. Qg4+
Kf8 28. Nf4 Nd7 29. Ne6+ fxe6 30. fxe6+ Nf6 31. Rxf6+ Qxf6 32. Rf1 Qxf1+ 33.
Kxf1 Ra7 34. Qf4+ Kg7 35. Qg3+ Kf6 36. h4 Kxe6 37. Qg4+ Rf5+ 38. Kg1 Raf7 39.
Qe4+ Re5 40. Qc4+ Kf6 41. Qc6 Ke6 42. Qc4+ Ke7 43. Qc7+ Ke6 44. Qc4+ Kf6 45.
Qc6 Ke6 46. Qc4+ d5 47. Qa6+ Kf5 48. Qxa5 d4 49. Qxb4 Re4 50. Qc5+ Ke6 51. Qc6+
Kf5 52. Qd5+ Kf4 53. Qxf7+ Ke5 1-0

[Event "C.to Regionale Valle d'Aosta"]
[Site "Saint Vincent - Chatillon ITA"]
[Date "2002.09.29"]
[Round "2"]
[White "Folk, Petr"]
[Black "Van Hoolandt, Patrick"]
[Result "1-0"]
[WhiteElo "2279"]
[BlackElo "2163"]
[PlyCount "73"]
[EventDate "2002.09.28"]

1. e4 e5 2. Nf3 Nc6 3. Bb5 Nf6 4. O-O Bc5 5. c3 O-O 6. d4 Bb6 7. Re1 d6 8. Bg5
h6 9. Bh4 exd4 10. Nxd4 Ne5 11. h3 c6 12. Bf1 Ng6 13. Bg3 d5 14. Nd2 Bxd4 15.
cxd4 dxe4 16. Nxe4 Nxe4 17. Rxe4 Be6 18. Re1 Qg5 19. Qc2 Rfd8 20. Rad1 Rd7 21.
Rxe6 fxe6 22. Bc4 Re8 23. Qe4 Qf6 24. h4 Kh8 25. h5 Nf8 26. Be5 Qf5 27. Qe2 a6
28. Rd3 b5 29. Bb3 c5 30. Bc2 cxd4 31. Rf3 d3 32. Bxd3 Qg5 33. Qe4 Kg8 34. Rg3
Qxh5 35. f3 Red8 36. Bc2 Rd2 37. Rxg7+ 1-0

[Event "C.to Regionale Valle d'Aosta"]
[Site "Saint Vincent - Chatillon ITA"]
[Date "2002.09.29"]
[Round "2"]
[White "Pesco, Giuseppe"]
[Black "Yeuillaz, Corrado"]
[Result "0-1"]
[WhiteElo "1833"]
[BlackElo "2231"]
[PlyCount "122"]
[EventDate "2002.09.28"]

1. c4 g6 2. Nc3 Bg7 3. Nf3 d6 4. g3 e5 5. Bg2 Ne7 6. O-O Nbc6 7. d3 O-O 8. Bd2
h6 9. Rb1 Be6 10. b4 Qd7 11. b5 Nd4 12. Nxd4 exd4 13. Nd5 Bxd5 14. cxd5 b6 15.
Qb3 a6 16. a4 axb5 17. axb5 Ra7 18. Rb2 Kh7 19. Rc1 Rfa8 20. h3 Ra1 21. Rxa1
Rxa1+ 22. Kh2 Qf5 23. Bf3 h5 24. Kg2 Qd7 25. Rc2 Bf6 26. Qb2 Ra7 27. Qb3 Nf5
28. Be4 Ng7 29. Qc4 Ne8 30. h4 Be5 31. e3 dxe3 32. Bxe3 f5 33. Bf3 Bf6 34. Re2
Ra5 35. Bd4 Qxb5 36. Bxf6 Qxc4 37. dxc4 Nxf6 38. Re7+ Kh6 39. Rxc7 Rc5 40. Rxc5
bxc5 41. Kf1 g5 42. hxg5+ Kxg5 43. Ke2 f4 44. Kd3 Ng4 45. Ke2 fxg3 46. fxg3 Ne5
47. Kf2 Nxc4 48. Be2 Nb6 49. Bf3 Nd7 50. Ke3 Nf6 51. Kd3 h4 52. gxh4+ Kxh4 53.
Kc4 Kg3 54. Bh1 Kf4 55. Bg2 Ke3 56. Bh1 Kf4 57. Bg2 Ng4 58. Kd3 Ke5 59. Bf3 Nf6
60. Kc4 Nd7 61. Kb5 Kd4 0-1

[Event "C.to Regionale Valle d'Aosta"]
[Site "Saint Vincent - Chatillon ITA"]
[Date "2002.09.30"]
[Round "3"]
[White "Barlocco, Carlo"]
[Black "Lacrosse, Marc"]
[Result "1/2-1/2"]
[WhiteElo "2136"]
[BlackElo "2244"]
[PlyCount "56"]
[EventDate "2002.09.28"]

1. d4 d5 2. Nf3 Nf6 3. Bf4 c5 4. c3 Nc6 5. e3 Qb6 6. Qb3 c4 7. Qc2 Bf5 8. Qc1
e6 9. Nbd2 h6 10. Be2 Be7 11. Ne5 Nxe5 12. Bxe5 O-O 13. f3 Nd7 14. Bg3 e5 15.
e4 exd4 16. exf5 d3 17. Bd1 Rfe8 18. Kf1 Bc5 19. b3 Be3 20. bxc4 dxc4 21. Nxc4
Qa6 22. Qxe3 Rxe3 23. Nxe3 Nc5 24. Be5 Qa3 25. Nc4 Qa6 26. Nd2 Qa3 27. Nc4 Qa6
28. Nd2 Qa3 1/2-1/2

[Event "C.to Regionale Valle d'Aosta"]
[Site "Saint Vincent - Chatillon ITA"]
[Date "2002.09.30"]
[Round "3"]
[White "Mrdja, Milan"]
[Black "Aurel, Luc"]
[Result "1-0"]
[WhiteElo "2370"]
[BlackElo "2163"]
[PlyCount "73"]
[EventDate "2002.09.28"]

1. e4 d6 2. d4 g6 3. Nc3 c6 4. f4 d5 5. Nf3 dxe4 6. Nxe4 Bf5 7. Nf2 Nf6 8. c3
Bg7 9. Ne5 O-O 10. Bc4 Qb6 11. Qe2 Nd5 12. g4 Bc8 13. h4 Qc7 14. h5 f6 15. Nf3
e5 16. fxe5 fxe5 17. Nxe5 Nd7 18. Bxd5+ cxd5 19. Nxg6 Rf7 20. Ne7+ Kf8 21. Bg5
Nf6 22. Bxf6 Bxf6 23. Nxd5 Qg3 24. Rh3 Qd6 25. Nxf6 Qxf6 26. Re3 Bd7 27. Nd3
Qh4+ 28. Kd2 Bxg4 29. Qg2 Re8 30. Rxe8+ Kxe8 31. Re1+ Kf8 32. Rg1 Bxh5 33. Qg8+
Ke7 34. Re1+ Kd6 35. Qb8+ Rc7 36. Qf8+ Re7 37. Qd8+ 1-0

[Event "C.to Regionale Valle d'Aosta"]
[Site "Saint Vincent - Chatillon ITA"]
[Date "2002.09.30"]
[Round "3"]
[White "Yeuillaz, Corrado"]
[Black "Folk, Petr"]
[Result "1-0"]
[WhiteElo "2231"]
[BlackElo "2279"]
[PlyCount "151"]
[EventDate "2002.09.28"]

1. e4 c5 2. Nf3 e6 3. d4 cxd4 4. Nxd4 Nc6 5. Nxc6 bxc6 6. Bd3 Nf6 7. O-O Qc7 8.
c4 Bd6 9. h3 O-O 10. Qe2 Re8 11. Re1 Be5 12. Nd2 c5 13. Nf3 d6 14. Nxe5 dxe5
15. Bd2 Bb7 16. Bc3 Nd7 17. Bc2 Nf8 18. Rad1 Red8 19. Rxd8 Rxd8 20. Rd1 Ng6 21.
Rxd8+ Qxd8 22. Qd2 Qe7 23. Ba5 Nf4 24. g3 Ng6 25. Bd8 Qe8 26. Qd6 h5 27. h4 Nf8
28. Ba5 Qc6 29. Qxe5 Nd7 30. Qc7 Nb6 31. Qxc6 Bxc6 32. Bxb6 axb6 33. f4 f6 34.
Kf2 e5 35. Ke3 Kf7 36. Bd1 g6 37. a3 Ke6 38. f5+ gxf5 39. exf5+ Kxf5 40. Bxh5
Ke6 41. Bf3 Be8 42. Bd5+ Kf5 43. Bf3 Kg6 44. Bd1 f5 45. b4 cxb4 46. axb4 Bd7
47. Bf3 Bc8 48. c5 bxc5 49. bxc5 Bd7 50. Kd2 Kf6 51. Bb7 f4 52. gxf4 exf4 53.
Bf3 Be8 54. Kc3 Ke5 55. Kb4 Kf5 56. Ka5 Kg6 57. Kb6 Kf6 58. Kc7 Ba4 59. Kd6 Bb5
60. Bg4 Ba4 61. Kd5 Bb5 62. Ke4 Bc6+ 63. Kxf4 Bb5 64. Bf5 Kg7 65. Kg5 Bc6 66.
h5 Bd5 67. h6+ Kh8 68. Kf6 Bc6 69. Ke7 Bf3 70. Kd6 Bb7 71. Be6 Kh7 72. Bd5 Ba6
73. c6 Kxh6 74. c7 Kg6 75. Be6 Kf6 76. Bh3 1-0

[Event "C.to Regionale Valle d'Aosta"]
[Site "Saint Vincent - Chatillon ITA"]
[Date "2002.10.01"]
[Round "4"]
[White "Folk, Petr"]
[Black "Barlocco, Carlo"]
[Result "1-0"]
[WhiteElo "2279"]
[BlackElo "2136"]
[PlyCount "73"]
[EventDate "2002.09.28"]

1. e4 e5 2. Nf3 Nc6 3. Bb5 a6 4. Ba4 Nf6 5. O-O b5 6. Bb3 Bc5 7. a4 Rb8 8. axb5
axb5 9. c3 Bb6 10. d4 O-O 11. Re1 Re8 12. Bg5 h6 13. Bh4 d6 14. h3 Bb7 15. Na3
b4 16. Nc4 bxc3 17. bxc3 exd4 18. cxd4 Bc8 19. Ba4 Bd7 20. e5 dxe5 21. dxe5 g5
22. Nxg5 Nxe5 23. Nxe5 hxg5 24. Bxd7 Nxd7 25. Nc6 Qf6 26. Nxb8 Rxb8 27. Bg3 Nf8
28. Qd5 Ng6 29. Rad1 Nf4 30. Qe5 Qxe5 31. Rxe5 Ne6 32. Rd7 Re8 33. Rf5 Rf8 34.
Be5 Nc5 35. Rxg5+ Kh7 36. Rg7+ Kh6 37. Rdxf7 1-0

[Event "C.to Regionale Valle d'Aosta"]
[Site "Saint Vincent - Chatillon ITA"]
[Date "2002.10.01"]
[Round "4"]
[White "Lacrosse, Marc"]
[Black "Van Hoolandt, Patrick"]
[Result "1-0"]
[WhiteElo "2244"]
[BlackElo "2163"]
[PlyCount "87"]
[EventDate "2002.09.28"]

1. d4 Nf6 2. c4 e6 3. Nf3 Bb4+ 4. Bd2 Qe7 5. g3 Nc6 6. Nc3 d5 7. Bg2 O-O 8. O-O
Rd8 9. a3 Bxc3 10. Bxc3 Ne4 11. Qc2 a5 12. b3 Bd7 13. Rfd1 Be8 14. Bb2 f5 15.
Rac1 Bh5 16. Ne1 Rd7 17. f3 Nf6 18. Nd3 dxc4 19. Nc5 Nd5 20. Qd2 cxb3 21. Nxd7
Qxd7 22. Qg5 Qf7 23. e4 h6 24. Qd2 Nf6 25. d5 exd5 26. exd5 Rd8 27. Qc3 Nxd5
28. Qxb3 Nb6 29. Qxf7+ Bxf7 30. Rxd8+ Nxd8 31. Rxc7 Kf8 32. f4 Nc4 33. Be5 b5
34. Bf1 g5 35. Bxc4 bxc4 36. Kf2 gxf4 37. gxf4 h5 38. Ke3 h4 39. Bf6 Ne6 40.
Rxc4 h3 41. Ra4 Nc7 42. Be5 Nd5+ 43. Kd4 Ne7 44. Bd6 1-0

[Event "C.to Regionale Valle d'Aosta"]
[Site "Saint Vincent - Chatillon ITA"]
[Date "2002.10.01"]
[Round "4"]
[White "Mrdja, Milan"]
[Black "Yeuillaz, Corrado"]
[Result "1-0"]
[WhiteElo "2370"]
[BlackElo "2231"]
[PlyCount "63"]
[EventDate "2002.09.28"]

1. e4 e6 2. d4 d5 3. Nc3 dxe4 4. Nxe4 Nd7 5. Bd3 Ngf6 6. Qe2 Be7 7. Nf3 Nxe4 8.
Bxe4 c5 9. Be3 cxd4 10. Bxd4 Qa5+ 11. Bc3 Bb4 12. Bxb4 Qxb4+ 13. c3 Qa5 14.
O-O-O O-O 15. Kb1 Nf6 16. Ne5 Nxe4 17. Qxe4 Qc7 18. f4 Rb8 19. Rhe1 b5 20. Qc6
Rb7 21. Rd6 f6 22. Qxc7 Rxc7 23. Nc6 Bd7 24. Nd4 Re8 25. Nxe6 Kf7 26. f5 Bxe6
27. fxe6+ Ke7 28. Red1 Rec8 29. a3 h5 30. Ra6 g5 31. Rd5 Rb8 32. h4 1-0

[Event "C.to Regionale Valle d'Aosta"]
[Site "Saint Vincent - Chatillon ITA"]
[Date "2002.10.02"]
[Round "5"]
[White "Folk, Petr"]
[Black "Mrdja, Milan"]
[Result "0-1"]
[WhiteElo "2279"]
[BlackElo "2370"]
[PlyCount "74"]
[EventDate "2002.09.28"]

1. e4 c5 2. Nf3 d6 3. d4 cxd4 4. Nxd4 Nf6 5. Nc3 a6 6. Bg5 e6 7. f4 Be7 8. Qf3
h6 9. Bh4 Qc7 10. O-O-O Nbd7 11. Bg3 O-O 12. Bd3 Nc5 13. e5 dxe5 14. fxe5 Nxd3+
15. Rxd3 Nd7 16. Re1 Nc5 17. Rdd1 Bd7 18. Kb1 Bc6 19. Nxc6 bxc6 20. Rd4 Rab8
21. Rg4 a5 22. Bf2 Rb4 23. Bxc5 Bxc5 24. Ne4 Be7 25. Qg3 Bg5 26. h4 f5 27. Rxg5
hxg5 28. Nxg5 Rfb8 29. b3 Qd7 30. Qc3 a4 31. g3 axb3 32. axb3 c5 33. Kc1 c4 34.
Rd1 Qc8 35. Rd6 cxb3 36. Rc6 b2+ 37. Kb1 Qd8 0-1

[Event "C.to Regionale Valle d'Aosta"]
[Site "Saint Vincent - Chatillon ITA"]
[Date "2002.10.02"]
[Round "5"]
[White "Pesco, Giuseppe"]
[Black "Lacrosse, Marc"]
[Result "0-1"]
[WhiteElo "1833"]
[BlackElo "2244"]
[PlyCount "78"]
[EventDate "2002.09.28"]

1. c4 e6 2. g3 d5 3. Bg2 Nf6 4. Nf3 Be7 5. O-O O-O 6. b3 c5 7. cxd5 exd5 8. d4
Ne4 9. Bb2 Bf6 10. h3 Nc6 11. e3 b6 12. Na3 Ba6 13. Re1 Re8 14. Nc2 Rc8 15. Rb1
c4 16. Nd2 cxb3 17. axb3 Bd3 18. Nxe4 dxe4 19. Rc1 Qd7 20. Kh2 Qe6 21. Na1 Be7
22. Rg1 f5 23. Bf1 Nb4 24. Rxc8 Rxc8 25. Bxd3 Nxd3 26. Qe2 Bd6 27. Kg2 a5 28.
Rb1 b5 29. h4 a4 30. d5 Qxd5 31. Bd4 a3 32. h5 h6 33. Rd1 b4 34. Kh2 Be5 35.
Bxe5 Qxe5 36. Rb1 Qb2 37. Rxb2 axb2 38. Nc2 b1=Q 39. Nd4 Rc1 0-1

[Event "C.to Regionale Valle d'Aosta"]
[Site "Saint Vincent - Chatillon ITA"]
[Date "2002.10.02"]
[Round "5"]
[White "Yeuillaz, Corrado"]
[Black "Aurel, Luc"]
[Result "1/2-1/2"]
[WhiteElo "2231"]
[BlackElo "2163"]
[PlyCount "139"]
[EventDate "2002.09.28"]

1. e4 d6 2. d4 g6 3. Nf3 Bg7 4. Bc4 e6 5. Bb3 Ne7 6. O-O h6 7. Re1 Nd7 8. Nbd2
b6 9. c3 Bb7 10. Nf1 a6 11. Ng3 Ra7 12. h4 Qa8 13. Bf4 Qc8 14. Qd2 Ra8 15. Rad1
Rb8 16. Qe2 Ra8 17. Nf1 Rb8 18. N1h2 d5 19. e5 c5 20. Qd2 Ra8 21. Bc2 c4 22.
Ng4 Ng8 23. Qe2 b5 24. h5 g5 25. Bc1 a5 26. Nfh2 b4 27. Bb1 Bc6 28. Rf1 Nb6 29.
f4 gxf4 30. Bxf4 bxc3 31. bxc3 Kd8 32. Bg3 Be8 33. Nf6 Nxf6 34. Bh4 Kc7 35.
Bxf6 Bxf6 36. Rxf6 Na4 37. Qe3 Rb8 38. Ng4 Rb2 39. Nxh6 Qb8 40. Qc1 Nxc3 41.
Qxc3 Rxb1 42. Qxa5+ Qb6 43. Qxb6+ Rxb6 44. Kh2 Rb2 45. Kh3 c3 46. Rc1 c2 47. g4
Rh7 48. g5 Rxa2 49. Kh4 Kd8 50. Rf2 Ra3 51. Rcxc2 Rd3 52. Rcd2 Re3 53. Kg4 Re4+
54. Rf4 Re1 55. Ra2 Rg1+ 56. Kh4 Rh1+ 57. Kg4 Rg1+ 58. Kh4 Rh1+ 59. Kg3 Rxh5
60. Ra8+ Kd7 61. Rg4 Rg7 62. Kf4 Rh3 63. Ra7+ Kd8 64. Rg3 Rxg3 65. Kxg3 Rxg5+
66. Kf4 Rg1 67. Ke3 Rg6 68. Nxf7+ Bxf7 69. Rxf7 Rg3+ 70. Kd2 1/2-1/2

[Event "C.to Regionale Valle d'Aosta"]
[Site "Saint Vincent - Chatillon ITA"]
[Date "2002.10.03"]
[Round "6"]
[White "Aurel, Luc"]
[Black "Van Hoolandt, Patrick"]
[Result "0-1"]
[WhiteElo "2163"]
[BlackElo "2163"]
[PlyCount "74"]
[EventDate "2002.09.28"]

1. Nf3 Nf6 2. c4 e6 3. e3 b6 4. b3 Bb7 5. Bb2 Be7 6. Be2 O-O 7. O-O d5 8. cxd5
Nxd5 9. d4 Nd7 10. g3 c5 11. e4 N5f6 12. e5 Nd5 13. Nc3 Rc8 14. Nxd5 Bxd5 15.
Rc1 Rc7 16. dxc5 Nxc5 17. Nd4 Nd7 18. Nb5 Rxc1 19. Qxc1 Bc5 20. Qf4 Qb8 21. b4
Be7 22. Nc3 Bc6 23. b5 Ba8 24. Ne4 f6 25. Bc4 Bd5 26. Bxd5 exd5 27. Qf5 dxe4
28. Qxd7 Qd8 29. Rd1 Qxd7 30. Rxd7 Bc5 31. exf6 gxf6 32. Rxa7 Rd8 33. Bxf6 Rd2
34. Be7 Bxf2+ 35. Kf1 Bd4 36. Ra4 e3 37. Bg5 Rf2+ 0-1

[Event "C.to Regionale Valle d'Aosta"]
[Site "Saint Vincent - Chatillon ITA"]
[Date "2002.10.03"]
[Round "6"]
[White "Frank, Albert"]
[Black "Yeuillaz, Corrado"]
[Result "1/2-1/2"]
[WhiteElo "2057"]
[BlackElo "2231"]
[PlyCount "41"]
[EventDate "2002.09.28"]

1. c4 g6 2. g3 Bg7 3. Bg2 e5 4. Nc3 Ne7 5. e3 Nbc6 6. Nge2 O-O 7. d3 d6 8. Qd2
Be6 9. Nd5 Qd7 10. Rb1 Nd8 11. Nxe7+ Qxe7 12. b4 Qd7 13. Bb2 Bh3 14. O-O Bxg2
15. Kxg2 d5 16. Qc2 Ne6 17. cxd5 Qxd5+ 18. e4 Qd7 19. f4 exf4 20. Bxg7 Kxg7 21.
Nxf4 1/2-1/2

[Event "C.to Regionale Valle d'Aosta"]
[Site "Saint Vincent - Chatillon ITA"]
[Date "2002.10.03"]
[Round "6"]
[White "Lacrosse, Marc"]
[Black "Mrdja, Milan"]
[Result "0-1"]
[WhiteElo "2244"]
[BlackElo "2370"]
[PlyCount "110"]
[EventDate "2002.09.28"]

1. d4 d6 2. c4 Nf6 3. Nc3 Nbd7 4. e4 e5 5. Nf3 Be7 6. Be2 O-O 7. O-O c6 8. Rb1
a5 9. b3 Re8 10. Re1 exd4 11. Nxd4 Bf8 12. Bf1 Nc5 13. f3 g6 14. a3 Bg7 15. b4
axb4 16. axb4 Ne6 17. Be3 Nh5 18. Qd2 Be5 19. Nxe6 Bxe6 20. f4 Bg7 21. Be2 Ra3
22. Nd1 f5 23. Bxh5 gxh5 24. Bd4 Bxd4+ 25. Qxd4 fxe4 26. Re3 Rd3 27. Rxd3 exd3
28. Ne3 Bg4 29. Nxg4 hxg4 30. Rd1 Qh4 31. g3 Qe7 32. Qxd3 Qe6 33. b5 Re7 34.
bxc6 bxc6 35. f5 Qe5 36. Rf1 Qc5+ 37. Kg2 Re3 38. Qc2 Qe5 39. Rf2 Kf7 40. f6
Qe4+ 41. Qxe4 Rxe4 42. Rd2 Re6 43. h3 gxh3+ 44. Kxh3 Rxf6 45. Re2 Re6 46. Rf2+
Ke7 47. Kg2 Re4 48. Rc2 Ke6 49. Kf3 Re5 50. g4 Rc5 51. Re2+ Kf6 52. Re4 h6 53.
Kf4 Ra5 54. Re8 Ra4 55. Rf8+ Kg6 0-1

[Event "C.to Regionale Valle d'Aosta"]
[Site "Saint Vincent - Chatillon ITA"]
[Date "2002.10.04"]
[Round "7"]
[White "Folk, Petr"]
[Black "Lacrosse, Marc"]
[Result "1/2-1/2"]
[WhiteElo "2279"]
[BlackElo "2244"]
[PlyCount "108"]
[EventDate "2002.09.28"]

1. e4 e5 2. Nf3 Nc6 3. Bb5 a6 4. Ba4 Nf6 5. O-O Nxe4 6. d4 b5 7. Bb3 d5 8. dxe5
Be6 9. c3 Bc5 10. Qd3 O-O 11. Nbd2 f5 12. exf6 Nxf6 13. a4 Rb8 14. axb5 axb5
15. Ra6 Bb6 16. Ng5 Ne5 17. Qg3 Qd6 18. Rxb6 Rxb6 19. Nxe6 Qxe6 20. Re1 Nfd7
21. f4 Rf5 22. fxe5 Rxe5 23. Rxe5 Nxe5 24. Ne4 Nc4 25. Ng5 Qe2 26. h3 h6 27.
Nf3 Kh7 28. Nd4 Qe7 29. Bc2+ Kh8 30. b3 Nd6 31. Ba3 Ne4 32. Bxe7 Nxg3 33. Kf2
Nh5 34. g3 Kg8 35. g4 Nf6 36. Bc5 Ra6 37. Ke3 Nd7 38. b4 Kf7 39. Bb3 Kf6 40.
Nxb5 Nxc5 41. bxc5 Ke5 42. Nd4 Ra3 43. Kd3 g5 44. Nc6+ Kf4 45. Bxd5 Kg3 46. Nd4
Kxh3 47. Be6 Kh4 48. Nb5 Ra6 49. Bd7 h5 50. gxh5 g4 51. Bxg4 Kxg4 52. Nxc7 Rc6
53. Nd5 Rxc5 54. Kd4 Rxc3 1/2-1/2

[Event "C.to Regionale Valle d'Aosta"]
[Site "Saint Vincent - Chatillon ITA"]
[Date "2002.10.04"]
[Round "7"]
[White "Mrdja, Milan"]
[Black "Van Hoolandt, Patrick"]
[Result "1/2-1/2"]
[WhiteElo "2370"]
[BlackElo "2163"]
[PlyCount "20"]
[EventDate "2002.09.28"]

1. Nf3 Nf6 2. g3 b6 3. Bg2 Bb7 4. O-O e6 5. d3 d5 6. Nbd2 Be7 7. e4 c5 8. Re1
Nc6 9. exd5 Nxd5 10. Nc4 O-O 1/2-1/2